000 00405nam a22001697a 4500
003 MPLRDC
005 20220104143140.0
008 210129b ||||| |||| 00| 0 eng d
082 _a857.9 QMH-30 v.2*
100 _a秋梦痕著
245 _a峰火武林. 下集
_c
250 _a初版
260 _a
_b万盛出版有限公司
_c1970
300 _b
650 _a
942 _cBK
_o857.9 QMH-30 v.2*
999 _c37101
_d37091